[Event "Krapina op 6th"]
[Site "Krapina"]
[Date "2016.01.24"]
[Round "6"]
[White "Golub, Nikolina"]
[Black "Draskovic, Ivica"]
[Result "1-0"]
[WhiteElo "1824"]
[BlackElo "1637"]
[PlyCount "53"]
[EventDate "2016.01.21"]
[EventType "swiss"]
[EventRounds "7"]
[EventCountry "CRO"]
[SourceTitle "CBM 170 Extra"]
[Source "ChessBase"]
[SourceDate "2016.02.25"]
[SourceVersion "1"]
[SourceVersionDate "2016.02.25"]
[SourceQuality "1"]

1. c4 c5 2. Nc3 e6 3. Nf3 Nc6 4. e3 Nf6 5. d4 cxd4 6. exd4 d5 7. Bf4 h6 8. c5 Be7 9. Nb5 0-0 10. Be2 Bd7 11. 0-0 Nh7 12. Nd6 b6 13. Nb7 Qc8 14. Nd6 Qd8 15. Rc1 Ng5 16. Nxg5 Bxg5 17. Bxg5 Qxg5 18. Bb5 Qe7 19. Qa4 bxc5 20. Bxc6 Qxd6 21. Bxd7 a6 22. dxc5 Qe5 23. c6 Ra7 24. Qa5 Qd6 25. Qc5 Rxd7 26. cxd7 Qxc5 27. Rxc5 1-0

[Event "Krapina op 6th"]
[Site "Krapina"]
[Date "2016.01.23"]
[Round "5"]
[White "Draskovic, Ivica"]
[Black "Kozina, Zdenko"]
[Result "0-1"]
[WhiteElo "1637"]
[BlackElo "1947"]
[PlyCount "80"]
[EventDate "2016.01.21"]
[EventType "swiss"]
[EventRounds "7"]
[EventCountry "CRO"]
[SourceTitle "CBM 170 Extra"]
[Source "ChessBase"]
[SourceDate "2016.02.25"]
[SourceVersion "1"]
[SourceVersionDate "2016.02.25"]
[SourceQuality "1"]

1. e4 e6 2. d4 d5 3. Nc3 Nf6 4. e5 Nfd7 5. Bd3 c5 6. Be3 Nc6 7. Bb5 cxd4 8. Bxd4 Qc7 9. Bxc6 bxc6 10. f4 Ba6 11. Nge2 Rb8 12. b3 Bb4 13. a3 Ba5 14. b4 Bb6 15. Na4 c5 16. Nxb6 axb6 17. Bf2 cxb4 18. 0-0 Qc4 19. Re1 bxa3 20. Rxa3 Nc5 21. Rc3 Qb4 22. Bxc5 Qa5 23. Bd6 Bxe2 24. Qxe2 Qxc3 25. Bxb8 0-0 26. Bd6 Rc8 27. Kf2 Rc4 28. Qe3 Qxc2+ 29. Re2 Qb1 30. Kg3 h5 31. Qf3 Qf5 32. Rf2 Rc3 33. h3 Rxf3+ 34. Rxf3 d4 35. Rb3 h4+ 36. Kf3 b5 37. Be7 Qc2 38. Ra3 d3 39. Ra8+ Kh7 40. Kg4 Qxg2+ 0-1